000 01021nas a2200313 4500
001 BR7801801
003 BR-BrBNA
005 20231205083412.0
007 ta
008 230509b bl.|||p| |||| 00| 00por d
040 _aBR-BrBNA
_bpor
_cBiblioteca Nacional de Agricultura
041 _a(Pt)
072 _aF60
100 1 _aAguirre, A.C.P. de
100 1 _aDantas, J.P.
100 1 _aMoraes, M.F. de
100 1 _aAmorim, H.V. de
245 1 _aTeor de carboidratos e atividade da polifenol-oxidase e peroxidase em plantas de Vigna sinensis Var. pitiuba, cultivadas em solucoes nutritivas de Hoagland e Arnon completa e deficiente em boro [feijao de corda]
650 _aFISIOLOGIA VEGETAL
650 _aFEIJAO DE CORDA
650 _aANALISE FOLIAR
650 _aFOLHA
650 _aCARBOIDRATO
650 _aNUTRICAO VEGETAL
650 _aBORO
773 0 _tSolo (Brazil)
_xISSN 0584-0821
_g(Dec 1977), v. 69(2) p. 45-49
_wBR7801801
909 _a202311
_bLúcia
_c55
_dLúcia Elande
942 _2AGRIS
_n0
_cANA
999 _c98501
_d98501